T16 駅名クイズ - 2000年以降に駅名改称した駅 ver. - Statistics

General Stats
  • This quiz has been taken 131 times
  • The average score is 62 of 242
Answer Stats
旧駅名 Answer % Correct
二子玉川園 二子玉川
87%
多摩川園 多摩川
78%
営団成増 地下鉄成増
70%
営団赤塚 地下鉄赤塚
70%
新一宮 名鉄一宮
69%
新名古屋 名鉄名古屋
68%
西鹿児島 鹿児島中央
66%
新岐阜 名鉄岐阜
66%
近鉄難波 大阪難波
66%
新逗子 逗子・葉山
61%
西ノ宮 西宮
60%
河原町 京都河原町
60%
西鹿児島駅前 鹿児島中央駅前
59%
梅田 大阪梅田
59%
羽田空港国内線ターミナル 羽田空港第1・第2ターミナル
59%
上本町 大阪上本町
57%
羽田空港国際線ターミナル | 羽田空港国際線ビル 羽田空港第3ターミナル
57%
大阪ドーム前千代崎 ドーム前千代崎
53%
羽田空港第1ビル 羽田空港第1ターミナル
53%
小郡 新山口
52%
藤ヶ丘 藤が丘
52%
羽田空港第2ビル 羽田空港第2ターミナル
52%
多磨墓地前 多磨
51%
広電宮島 広電宮島口
51%
花月園前 花月総持寺
51%
仲木戸 京急東神奈川
51%
松江温泉 松江しんじ湖温泉
50%
雄琴 おごと温泉
50%
業平橋 とうきょうスカイツリー
50%
三宮 神戸三宮
50%
浜大津 びわ湖浜大津
50%
肥前山口 江北
49%
万博八草 八草
48%
佐貫 龍ケ崎市
47%
城崎 城崎温泉
46%
西大津 大津京
46%
丸太町 神宮丸太町
46%
四条 祇園四条
46%
越前武生 たけふ新
46%
中村区役所 太閤通
44%
香枦園 香櫨園
43%
ナゴヤ球場前 山王
43%
神宮西 熱田神宮西
43%
徳重 徳重・名古屋芸大
42%
会津高原 会津高原尾瀬口
42%
上三依塩原 上三依塩原温泉口
42%
五条 清水五条
42%
近鉄四日市 あすなろう四日市
42%
遊園地西 西武園ゆうえんち
42%
市役所 名古屋城
42%
各務原飛行場 各務原市役所前
41%
中三依 中三依温泉
41%
碧海桜井 桜井
41%
富士吉田 富士山
41%
松原団地 獨協大学前
41%
八幡市 石清水八幡宮
41%
石橋 石橋阪大前
41%
石狩当別 当別
40%
瑞穂運動場 瑞穂運動場西
39%
武生新 越前武生
39%
羽田空港 羽田空港国内線ターミナル
39%
富洲原 川越富洲原
38%
伝馬町 熱田神宮伝馬町
38%
高岡駅前 高岡駅
37%
脇野田 上越妙高
37%
南町田 南町田グランベリーパーク
37%
石狩太美 太美
37%
木津温泉 夕日ヶ浦木津温泉
36%
渡島大野 新函館北斗
36%
福井駅前 福井駅
36%
東寝屋川 寝屋川公園
35%
西武遊園地 多摩湖
35%
水間 水間観音
34%
鳴尾 鳴尾・武庫川女子大前
34%
車折 車折神社
33%
上熊本駅前 上熊本
33%
あかじ あかぢ
32%
種差 種差海岸
32%
南成岩 青山
32%
雑司ヶ谷 都電雑司ヶ谷
32%
服部 服部天神
32%
深草 龍谷大前深草
32%
田尻 広電阿品
31%
芦原湯町 あわら湯のまち
31%
笹間渡 川根温泉笹間渡
31%
八草 万博八草
31%
人吉 人吉温泉
31%
京急安浦 県立大学
30%
嵯峨駅前 嵐電嵯峨
30%
丹後大宮 京丹後大宮
30%
坂本 坂本比叡山口
29%
松尾町 松尾
29%
産業道路 大師橋
29%
等持院 等持院・立命館大学衣笠キャンパス前
29%
中山 中山観音
28%
市民会館 市役所
28%
万博会場 愛・地球博記念公園
27%
ルイス・C.ティファニー庭園美術館前 松江イングリッシュガーデン前
27%
碧海堀内 堀内公園
27%
松尾 松尾大社
27%
柴原 柴原阪大前
27%
国際展示場正門 東京ビッグサイト
26%
東風連 名寄高校
26%
大篠津 米子空港
25%
名古屋競馬場前 港北
25%
御室 御室仁和寺
24%
筑前新宮 福工大前
24%
試験場前 聖マリア病院前
24%
富山トヨペット本社前(五福末広町) トヨタモビリティ富山 Gスクエア五福前(五福末広町)
24%
西福井 福大前西福井
23%
船の科学館 東京国際クルーズターミナル
23%
遠州上島 上島
22%
寺井 能美根上
22%
太郎丸 太郎丸エンゼルランド
22%
別所 大津市役所前
22%
多比良町 多比良
22%
循環器病センター 心臓血管センター
21%
八瀬遊園 八瀬比叡山口
21%
平田市 雲州平田
21%
水前寺駅通 新水前寺駅前
21%
遠州曳馬 曳馬
21%
皇子山 京阪大津京
21%
島原外港 島原港
21%
京コンピュータ前 計算科学センター
21%
羽田空港 羽田空港第1ビル
21%
狭山遊園前 大阪狭山市
20%
竜安寺道 龍安寺
20%
西春江 西春江ハートピア
20%
下兵庫 下兵庫こうふく
20%
御崎口 大篠津町
19%
西長田 西長田ゆりの里
19%
阿品 阿品東
18%
太秦 太秦広隆寺
18%
市役所前 熊本城・市役所前
18%
御庄 清流新岩国
18%
野田川 与謝野
18%
但馬三江 コウノトリの郷
18%
長崎大学前 長崎大学
18%
再春荘前 再春医療センター前
18%
大成 鉄道博物館(大成)
18%
北多磨 白糸台
17%
北新 北新・松本大学前
17%
熊本工大前 崇城大学前
17%
小石浜 恋し浜
17%
ポートアイランド南 京コンピュータ前
17%
富山駅前 電鉄富山駅・エスタ前
17%
甲山 かぶと山
17%
五和 合格
17%
茶山 茶山・京都芸術大学
17%
大浦天主堂下 大浦天主堂
16%
小野本町 小野
16%
浦上車庫前 浦上車庫
15%
阿仁前田 阿仁前田温泉
15%
阿蘇下田城ふれあい温泉 阿蘇下田城
15%
遠州病院前 遠州病院
14%
先端医療センター前 医療センター
14%
市役所前 福井城址大名町
14%
神水・市民病院前 神水交差点
14%
神代町 神代
14%
刃物会館前 せきてらす前
14%
平良 廿日市市役所前(平良)
14%
市民病院前 みなとじま
13%
小本 岩泉小本
13%
山陽女子大前 山陽女学園前
13%
小ヶ田 縄文小ヶ田
13%
大学前 富山大学前
13%
東古市 永平寺口
12%
免田 あさぎり
12%
南霞町 新今宮駅前
12%
西浜町(アーケード入口) 浜町アーケード
12%
競艇場前 宮島ボートレース場
12%
電波高専前 熊本高専前
11%
射水市新湊庁舎前 西新湊
11%
大学病院前 大学病院
11%
日工前 工機前
11%
陸奥黒崎 白神岳登山口
10%
黒谷 和銅黒谷
10%
丹後神野 小天橋
10%
厚中問屋 福知山市民病院口
10%
東山 東山・おかでんミュージアム駅
10%
正覚寺下 崇福寺
10%
賑橋 めがね橋
10%
下田 香芝
9%
名香野 西鉄千早
9%
日産前 ジヤトコ前
9%
新湊市役所前 射水市新湊庁舎前
9%
三条口 西大路三条
9%
諏訪神社前 諏訪神社
9%
修大附属鈴峯前 修大協創中高前
9%
宝町 スタジアムシティサウス(宝町)
9%
銭座町 スタジアムシティノース(銭座町)
9%
大和紡前 出雲科学館パークタウン前
8%
西弘前 弘前学院大前
8%
西武生 北府
8%
上鯖江 サンドーム西
8%
福井新 赤十字前
8%
神水橋(市民病院前) 神水・市民病院前
8%
浜松大学前 常葉大学前
8%
浜口町 原爆資料館
8%
公会堂前 市民会館
8%
諫早東高校前 諫早東高校
8%
ロープウェー入口 ロープウェイ入口
7%
動植物園前 動植物園入口
7%
花白 花白温泉
7%
守山市民病院 金屋
7%
公園口 足羽山公園口
7%
築町 新地中華街
7%
市民病院前 メディカルセンター
7%
島鉄湯江 有明湯江
7%
島鉄本社前 霊丘公園体育館
7%
西大寺町 西大寺町・岡山芸術創造劇場ハレノワ前
7%
川尻 十王
6%
東工業高前 弘前東高前
6%
上佐々 清峰高校前
6%
高雄口 宇多野
6%
西川 西川緑道公園
6%
城南 聖愛中高前
6%
裁判所前 仁愛女子高校
6%
鈴峯女子大前 修大附属鈴峯前
6%
西堀端 本町一丁目
6%
松山町 平和公園
6%
舟入南町 舟入南
6%
西新湊 第一イン新湊 クロスベイ前
6%
新富山 富山トヨペット本社前(五福末広町)
6%
岸壁通 桟橋車庫前
5%
本妙寺前 本妙寺入口
5%
気賀高校前 岡地
5%
木田四ツ辻 商工会議所前
5%
南島原 島原船津
5%
古江 ルイス・C.ティファニー庭園美術館前
5%
中濃西高前 関下有知
4%
熊本城前 花畑町
4%
大学前 愛知大学前
3%
北浜中学校前 美薗中央公園
3%
大広田 萩浦小学校前
3%
半在 八坂
2%
土手ノ内 希望が丘高校前
2%
本丸会館前 急患医療センター前
2%
交通局前 二中通
2%
たばこ産業前 市立病院前
2%
市立病院前 甲東中学校前
1%
No matching quizzes found
Score Distribution
Percent of People with Each Score
Percentile by Number Answered
Your Score History
You have not taken this quiz